Sports Quiz

Random Sports Quiz
Score 0/20 Timer 10:00
0 Plays Today
Season Player % Correct
2017-18Wiliam Karlsson
100%
2018-19Reilly Smith
100%
2018-19William Karlsson
100%
2017-18Jonathan Marchessault
95.6%
2018-19Jonathan Marchessault
95.2%
2018-19Max Pacioretty
92.9%
2017-18Reilly Smith
92.3%
2018-19Shea Theodore
88.1%
2018-19Paul Stastny
88.1%
2017-18David Perron
84.6%
Season Player % Correct
2017-18James Neal
83.5%
2017-18Colin Miller
79.1%
2018-19Colin Miller
78.6%
2018-19Alex Tuch
76.2%
2017-18Erik Haula
75.8%
2017-18Alex Tuch
73.6%
2017-18Shea Theodore
73.6%
2018-19Nate Schmidt
71.4%
2017-18Nate Schmidt
68.1%
2018-19Cody Eakin
59.5%
Come Together.
Have Fun.
All Virtual.
We all need to come together. Play Sporcle's virtual live trivia to have fun, connect with people, and get your trivia on. Join a live hosted trivia game for your favorite pub trivia experience done virtually. If a virtual private party is more your thing, go here for details.

You're not logged in!

Compare scores with friends on all Sporcle quizzes.
OR
Log In

Sporcle TV

Today on Sporcle TV


Watch our educational content, quiz creation guides, and fun videos on Sporcle TV.

Show Comments

Extras

Top Quizzes Today


Score Distribution

Paid Content

Your Account Isn't Verified!

In order to create a playlist on Sporcle, you need to verify the email address you used during registration. Go to your Sporcle Settings to finish the process.

Report this User

Report this user for behavior that violates our Community Guidelines.

Details: